000 00479nam a2200133Ia 4500
008 100328s9999 xx 000 0 und d
082 _b65338
100 _aभोसले सु.बा.
245 _aआधुनिक संत विनोबा भावे.
260 _bज्ञानगंगा.
630 _aआधुनिक संत विनोबा भावे.
730 _aआधुनिक संत विनोबा भावे.
942 _cBOOK
999 _c551085
_d551082